00295nam a2200121Ia 4500008004100000041000800041082001200049100002400061245002300085260002900108300001900137999001700156241015s9999 xx 000 0 und d aeng a737 CHA aChambers, Samuel A. aMoney Has No Value bDe GruyteraBostonc2023 a211;. P. 22 cm c41641d41641